Turner family centre parcs Elveden quiz - Statistics

General Stats
  • This quiz has been taken 6 times
  • The average score is 5 of 15
Answer Stats
Hint Answer % Correct
What chain of coffee shop is on the island? Hint it’s not prett Starbucks
100%
True or false elveden is the most haunted centre parcs resort? True
100%
Male ducks outnumber female at the resort true or false True
100%
True or false the internet connection is parental locked True :(
100%
By surface area which is the largest tree named district Pine
60%
How many hot tubs are in the pool area 3
20%
How many slides? 3
20%
How many holes are there at crazy golf/ 9
20%
What net bases sport is inside ? Badminton
20%
True or false the french are the most popular tourists at elveden False no one likes the french
0%
Foot golf is a combination of which sports Golf football
0%
What has been nicknamed the elevden alarm clock Gr4 tornado
0%
Where is the best place to purchase groceries Tesco
0%
What are all the areas named after Trees
0%
What is the name of the water slide recently built Tropical cyclone
0%
No matching quizzes found
Score Distribution
Percent of People with Each Score
Percentile by Number Answered
Your Score History
You have not taken this quiz